000 02863nab a2200301 i 4500
003 BR-BrBNA
005 20240401123544.0
008 240401b2013 bl.qr|pooa||| 00| 0 por |
040 _aBR-BrBNA
_bpor
072 _aJ11
072 _aF60
100 _aSilva, F.
100 _aPark, K.J.
100 _aMagalhães, P.M.
100 _aMartins, G.N.
100 _aGama, E.V.S.
245 _aAvaliação do teor de óleo essencial de Baccharis trimera (Less.) DC. em diferentes embalagens durante o armazenamento
500 _aPublicação on-line; 34 ref.; 1 table; 1 illus.; Summaries (En, Pt)
520 _a RESUMO: O uso de plantas medicinais como fonte terapêutica é milenar e nos últimos anos o seu valor tem aumentado, tanto para a população quanto para a ciência. Várias empresas nacionais e internacionais empregam matéria-prima vegetal na elaboração de seus produtos, o que torna indispensável o cultivo comercial e o beneficiamento pós-colheita destas espécies. O objetivo deste trabalho foi avaliar o teor de óleo essencial de carqueja [Baccharis trimera (Less.) DC.], em três embalagens diferentes ao longo de um ano de armazenamento. Observou-se que ao longo do armazenamento, a embalagem de papel Kraft foi a que melhor preservou a integridade de certas características físicas e químicas do produto, assim como, manteve o teor de óleo ao longo de um ano de armazenamento. Palavras-chave: Baccharis trimera/Armazenamento/Óleo essencial
520 _a ABSTRACT: Assessment of Baccharis trimera (Less.) DC. essential oil content in different packages during storage. The use of medicinal plants as therapeutic source is ancient and has increased in value in recent years for both the population and the science. Several national and international companies use raw plant material in the preparation of their products, making essential the commercial cultivation and the post-harvest processing of these species. The aim of this study was to evaluate the essential oil content of [Baccharis trimera (Less.) DC.] in three different packages over one year of storage. During storage, Kraft-paper package best preserved the integrity of some physical and chemical characteristics of the product and maintained the oil content for one year of storage. Key words: medicinal plant, essential oil, package, storage
650 _aBACCHARIS
650 _aARMAZENAMENTO
650 _aÓLEO ESSENCIAL
773 0 _03543
_9314057
_dBotucatu-SP Instituto de Biociências - Departamento de Química e Bioquímica 1998
_o2024-0323
_tRevista Brasileira de Plantas Medicinais (Brazil)
_x1516-0572
_gv. 15(1) p. 54-58; (2013)
_wBR2024000419
856 _uhttps://www.scielo.br/j/rbpm/a/Hb7KDy9DPhC9yXyTj4SDKTB/?format=pdf&lang=pt
942 _cAnalítica
999 _c299008
_d299008